opac header image

Introduction to quantum field theory (Record no. 36721)

MARC details
000 -LEADER
fixed length control field 01822 a2200241 4500
003 - CONTROL NUMBER IDENTIFIER
control field NISER
005 - DATE AND TIME OF LATEST TRANSACTION
control field 20260106172055.0
008 - FIXED-LENGTH DATA ELEMENTS--GENERAL INFORMATION
fixed length control field 260106b |||||||| |||| 00| 0 hin d
020 ## - INTERNATIONAL STANDARD BOOK NUMBER
International Standard Book Number 9781944660901
Qualifying information Paperback
040 ## - CATALOGING SOURCE
Original cataloging agency NISER LIBRARY
Language of cataloging eng
Transcribing agency NISER LIBRARY
082 04 - DEWEY DECIMAL CLASSIFICATION NUMBER
Classification number 530.145
Item number CAS-I
100 1# - MAIN ENTRY--PERSONAL NAME
Personal name Casalbuoni, Roberto
245 10 - TITLE STATEMENT
Title Introduction to quantum field theory
250 ## - EDITION STATEMENT
Edition statement 2nd edition
260 ## - PUBLICATION, DISTRIBUTION, ETC. (IMPRINT)
Place of publication, distribution, etc. New Jersey :
Name of publisher, distributor, etc. World Scientific,
Date of publication, distribution, etc. 2024.
300 ## - PHYSICAL DESCRIPTION
Extent xiv, 365 pages :
Other physical details illustrations ;
Dimensions 24 cm
504 ## - BIBLIOGRAPHY, ETC. NOTE
Bibliography, etc Includes bibliographical references and index.
520 ## - SUMMARY, ETC.
Summary, etc. This book deals with quantum field theory, the language of modern elementary particles physics. Based on university lectures given by the author, this volume provides a detailed technical treatment of quantum field theory that is particularly useful for students; it begins with the quantization of the most important free fields, the scalar, the spin-1/2 and the photon fields, and is then followed by a detailed account of symmetry properties, including a discussion on global and local symmetries and the spontaneous breaking of symmetries. Perturbation theory, one-loop effects for quantum electrodynamics, and renormalization properties are also covered. In this second edition new chapters have been introduced with a general description of path integral quantization both on quantum mechanics and in quantum field theory, with a particular attention to the gauge fields. The path integral quantization of Fermi fields is also discussed.
650 #0 - SUBJECT ADDED ENTRY--TOPICAL TERM
Topical term or geographic name as entry element Quantum field theory
856 41 - ELECTRONIC LOCATION AND ACCESS
Materials specified Table of contents
Uniform Resource Identifier <a href="https://www.worldscientific.com/doi/reader/10.1142/9789813146679_fmatter">https://www.worldscientific.com/doi/reader/10.1142/9789813146679_fmatter</a>
856 41 - ELECTRONIC LOCATION AND ACCESS
Materials specified Reviews
Uniform Resource Identifier <a href="https://www.goodreads.com/book/show/31393365-introduction-to-quantum-field-theory#CommunityReviews">https://www.goodreads.com/book/show/31393365-introduction-to-quantum-field-theory#CommunityReviews</a>
942 ## - ADDED ENTRY ELEMENTS (KOHA)
Koha item type Book
Source of classification or shelving scheme Universal Decimal Classification
Holdings
Withdrawn status Lost status Source of classification or shelving scheme Damaged status Not for loan Home library Current library Date acquired Source of acquisition Cost, normal purchase price Total Checkouts Full call number Barcode Date last seen Cost, replacement price Price effective from Koha item type
    Universal Decimal Classification     NISER LIBRARY NISER LIBRARY 31/12/2025 19 971.25   530.145 CAS-I 26310 06/01/2026 1295.00 31/12/2025 Book